书目信息 |
| 题名: |
普列汉诺夫传
|
|
| 作者: | 约夫楚克 , 库尔巴托娃 著 ;宋洪训 译 | |
| 分册: | ||
| 出版信息: | 北京 三联书店 1980 |
|
| 页数: | 424页 | |
| 开本: | 19cm | |
| 丛书名: | ||
| 单 册: | ||
| 中图分类: | B512.54 | |
| 科图分类: | ||
| 主题词: | 普列汉诺夫,A.N.(1856~1918)--传记 , 普列汉诺夫,A.N.(1856~1918) | |
| 电子资源: | ||
| ISBN: | ||
| 000 | 00812nam0 2200265 45 | |
| 001 | 0180000372 | |
| 005 | 20060802170202.25 | |
| 010 | @dCNY1.15 | |
| 091 | @a11002.571 | |
| 100 | @a19950817d1980 em y0chiy0121 ea | |
| 101 | 1 | @achi@crus |
| 102 | @aCN@b110000 | |
| 105 | @ay z 000yb | |
| 200 | 10 | @a普列汉诺夫传@Apu lie han nuo fu zhuan@f(苏)米·约夫楚克,伊·库尔巴托娃著@F(Su)Mi·Yue Fu Chu Ke,Yi·Ku Er Ba Tuo Wa Zhu@g宋洪训等译 |
| 210 | @a北京@c三联书店@d1980 | |
| 215 | @a424页@d19cm | |
| 606 | 0 | @a普列汉诺夫,A.N.(1856~1918)@x传记 |
| 606 | 0 | @a普列汉诺夫,A.N.(1856~1918) |
| 690 | @aB512.54@v3 | |
| 701 | 0 | @a约夫楚克@4著 |
| 701 | 0 | @a库尔巴托娃@4著 |
| 702 | 0 | @a宋洪训@Asong hong xun@4译 |
| 801 | 0 | @aCN@b上海图书馆@c20060802 |
| 801 | 2 | @aCN@bNLC@c20060727 |
| 905 | @f1@b50723@dB512.54@e6 | |
| 普列汉诺夫传/(苏)米·约夫楚克,伊·库尔巴托娃著/宋洪训等译.-北京:三联书店,1980 |
| 424页;19cm |
| ISBN :CNY1.15 |
| ● |
| 相关链接 |
|
|
|
|
正题名:普列汉诺夫传
索取号:B512.54/6
 
预约/预借
| 序号 | 登录号 | 条形码 | 馆藏地/架位号 | 状态 | 备注 |
| 1 | 0050722 | 001388661 | 第一借阅区/ [索取号:B512.54/6] | 在馆 | |
| 2 | 0050723 | 002041285 | 第一样本阅览室/ [索取号:B512.54/6] | 在馆 | |
| 3 | 0050724 | 001388652 | 密集书库/ [索取号:B512.54/6] | 在馆 | |
| 4 | 0142079 | 001836543 | 密集书库/ [索取号:B512.54/6] | 在馆 | |
| 5 | 0142080 | 001836589 | 密集书库/ [索取号:B512.54/6] | 在馆 | |
| 6 | 0142081 | 001770630 | 密集书库/ [索取号:B512.54/6] | 在馆 | |
| 7 | 0159715 | 001388206 | 密集书库/ [索取号:B512.54/6] | 在馆 | |
| 8 | 0159716 | 001388670 | 密集书库/ [索取号:B512.54/6] | 在馆 | |
| 9 | 0159717 | 000518158 | 密集书库/ [索取号:B512.54/6] | 在馆 | |
| 10 | 0439931 | 204399310 | 密集书库/ [索取号:B512.54/6] | 在馆 | |
| 11 | 0441983 | 204419833 | 密集书库/ [索取号:B512.54/6] | 在馆 | |
| 12 | 0441984 | 204419842 | 密集书库/ [索取号:B512.54/6] | 在馆 |